Sports Quiz

Random Sports Quiz

English national footballers since 2000 Quiz Stats

Quiz not verified by Sporcle

Challenge
Share
Tweet
Embed
Score 0/136 Timer 20:00
0 Plays Today
Position Answer % Correct
RMDavid Beckham
99%
STMichael Owen
99%
STAndrew Cole
96.9%
RMJoe Cole
96.9%
LBAshley Cole
96.9%
RBGlen Johnson
96.9%
STAndy Johnson
96.9%
STCarlton Cole
96.9%
RMAdam Johnson
96.9%
CBSol Campbell
95.8%
STAlan Shearer
95.8%
STWayne Rooney
95.8%
STFraizer Campbell
95.8%
CM, RBPhil Neville
94.8%
RBGary Neville
94.8%
STPeter Crouch
94.8%
GKJoe Hart
94.8%
CBJohn Terry
93.8%
CMPaul Scholes
92.7%
CBTony Adams
92.7%
CMSteven Gerrard
92.7%
CBRio Ferdinand
92.7%
CMOwen Hargreaves
92.7%
CBPhil Jones
92.7%
STEmile Heskey
91.7%
CMGareth Barry
91.7%
GKDavid James
91.7%
LBLeighton Baines
91.7%
GKRichard Wright
90.6%
CMFrank Lampard
90.6%
STJermain Defoe
89.6%
GKIan Walker
89.6%
RMTheo Walcott
89.6%
RBKyle Walker
89.6%
CBMartin Keown
88.5%
GKDavid Seaman
88.5%
CBGary Cahill
88.5%
LMSteve McManaman
87.5%
CMMichael Carrick
87.5%
CBJamie Carragher
86.5%
CMScott Parker
86.5%
GKRobert Green
86.5%
CMNicky Butt
85.4%
RBLuke Young
85.4%
LMAshley Young
85.4%
CMPaul Ince
84.4%
Position Answer % Correct
STRobbie Fowler
84.4%
GKPaul Robinson
84.4%
GKBen Foster
83.3%
STDarren Bent
82.3%
STAndy Carroll
82.3%
STRickie Lambert
82.3%
CBGareth Southgate
81.3%
CBJonathan Woodgate
81.3%
RMAaron Lennon
81.3%
CMTom Huddlestone
81.3%
CMJack Wilshere
81.3%
CBLedley King
80.2%
CBPhil Jagielka
79.2%
RMAlex Oxlade-Chamberlain
79.2%
CBJoleon Lescott
78.1%
RMJames Milner
78.1%
CBMichael Dawson
78.1%
CMJordan Henderson
78.1%
LBWayne Bridge
77.1%
CMAlan Smith
77.1%
RBMicah Richards
77.1%
CBChris Smalling
77.1%
RMShaun Wright-Phillips
76%
STDaniel Sturridge
76%
GKScott Carson
75%
STDanny Welbeck
75%
STKevin Davies
75%
LMStewart Downing
74%
LBKieran Gibbs
74%
STKevin Phillips
72.9%
STTeddy Sheringham
72.9%
GKFraser Forster
72.9%
CMLeon Osman
71.9%
RMWilfried Zaha
71.9%
GKNigel Martyn
70.8%
CBWes Brown
70.8%
CMDanny Murphy
70.8%
CMJoey Barton
70.8%
CBSteven Taylor
70.8%
LMAndros Townsend
68.8%
RBDanny Mills
67.7%
CBMatt Upson
67.7%
CBRyan Shawcross
67.7%
GKJohn Ruddy
67.7%
LMAdam Lallana
66.7%
GKJack Butland
65.6%
Position Answer % Correct
STFrancis Jeffers
64.6%
GKChris Kirkland
64.6%
CBSteven Caulker
64.6%
CMRoss Barkley
64.6%
LMGabby Agbonlahor
61.5%
LBPaul Konchesky
60.4%
CMDennis Wise
59.4%
LMNick Barmby
59.4%
STBobby Zamora
59.4%
CMTom Cleverley
59.4%
RBCarl Jenkinson
59.4%
RMRaheem Sterling
58.3%
CBUgo Ehiogu
56.3%
STDarius Vassell
56.3%
CMKieron Dyer
56.3%
RMDavid Bentley
56.3%
LMTrevor Sinclair
55.2%
STJames Beattie
55.2%
RBMartin Kelly
55.2%
CBJonjo Shelvey
54.2%
CMJack Rodwell
53.1%
STDavid Nugent
50%
LMMatthew Jarvis
50%
CMKieran Richardson
49%
CMJake Livermore
49%
LBStephen Warnock
46.9%
LBRyan Bertrand
46.9%
LBMichael Ball
45.8%
CMJermaine Jenas
43.8%
LMAlan Thompson
43.8%
CMJimmy Bullard
43.8%
LBNicky Shorey
42.7%
CBMichael Mancienne
40.6%
STMichael Ricketts
39.6%
LBChris Powell
38.5%
STDean Ashton
37.5%
STJay Bothroyd
34.4%
GKAlex McCarthy
34.4%
GKDavid Stockdale
33.3%
CMGavin McCann
32.3%
CBZat Knight
31.3%
CBAnthony Gardner
29.2%
GKJoe Lewis
27.1%
GKScott Loach
9.4%

You're not logged in!

Compare scores with friends on all Sporcle quizzes.
Sign Up with Email
OR
Log In

You Might Also Like...

Show Comments

Extras

Top Quizzes Today


Score Distribution

Your Account Isn't Verified!

In order to create a playlist on Sporcle, you need to verify the email address you used during registration. Go to your Sporcle Settings to finish the process.

Report this User

Report this user for behavior that violates our Community Guidelines.

Details: